[Event "LSS SI-2006-0-00055"]
[Site "LSS email"]
[Date "2006.08.02"]
[Round "?"]
[White "Vandermeiren, Marc"]
[Black "Malmstroem, Jan"]
[Result "0-1"]
[WhiteElo "1650"]
[BlackElo "1839"]
[PlyCount "28"]
[EventDate "2006.07.08"]
[EventType "tourn (corr)"]
[EventRounds "10"]
[EventCountry "GER"]
[SourceTitle "Corr 2015"]
[Source "ChessBase"]
[SourceDate "2015.07.17"]
[SourceVersion "1"]
[SourceVersionDate "2015.07.17"]
[SourceQuality "1"]

1. e4 e6 2. d4 d5 3. Nc3 Bb4 4. e5 c5 5. Qg4 Ne7 6. Bb5+ Bd7 7. Bxd7+ Nxd7 8. Bg5 cxd4 9. Bxe7 Qxe7 10. Qxd4 0-0 11. Nge2 Bc5 12. Qf4 f6 13. Qh4 fxe5 14. Qxe7 Bxe7 0-1

[Event "IECG SI.2006.0.00055"]
[Site "IECG email"]
[Date "2006.07.08"]
[Round "?"]
[White "Vandermeiren, Marc"]
[Black "Mujica, Hector"]
[Result "0-1"]
[WhiteElo "1650"]
[BlackElo "1718"]
[PlyCount "40"]
[EventDate "2006.07.08"]
[EventType "tourn (corr)"]
[EventRounds "6"]
[SourceTitle "Corr 2008"]
[Source "ChessBase"]
[SourceDate "2008.06.24"]
[SourceVersion "1"]
[SourceVersionDate "2008.06.24"]
[SourceQuality "1"]

1. e4 c5 2. c3 d5 3. exd5 Qxd5 4. d4 Nf6 5. Be3 Bg4 6. Be2 Bxe2 7. Nxe2 Qxg2 8. Rg1 Qxh2 9. Bf4 Qh5 10. Bxb8 Rxb8 11. Qa4+ Nd7 12. Qxa7 g6 13. Nd2 Bg7 14. dxc5 0-0 15. c6 Nc5 16. Rg3 bxc6 17. 0-0-0 Ra8 18. Qxe7 Bh6 19. Kc2 Qf5+ 20. Kc1 Nb3+ 0-1